000 00441nam a2200181Ia 4500
001 3602
003 IN-NITTTR
005 20251114232949.0
008 251113s9999||||xx |||||||||||||| ||eng||
040 _beng
040 _cIN-NITTTR
041 _aeng
082 _a150 H367C
100 _aHelson, Harry
245 0 _aContemporary approaches to psychology /
_cHelson, Harry, Bevan, William
700 _a Bevan, William
942 _2ddc
_cBK
999 _c5930
_d5930